| 000 | 02225cam a22004217a 4500 | ||
|---|---|---|---|
| 999 |
_c6408 _d6408 |
||
| 003 | OSt | ||
| 005 | 20200310121438.0 | ||
| 008 | 160805s2013 at ae 001 0 eng | ||
| 020 | _a9781111128135 | ||
| 020 | _a9781111308216 | ||
| 020 | _a1111308217 | ||
| 040 |
_aAU@ _beng _cAU@ _dCUY _dPHADU _dOCLCF _dYDXCP _dOCLCQ _dDLC |
||
| 082 | 0 | 4 |
_a720.284 _222 _bHEP |
| 100 | 1 | _aHepler, Dana J. | |
| 245 | 1 | 0 |
_aDrafting & design for architecture & construction / _cDana Hepler, Paul Ross Wallach, Donald Hepler. |
| 246 | 3 | _aDrafting and design for architecture and construction | |
| 250 | _aNinth Edition. | ||
| 260 |
_aClifton Park, NY : _bThomson Delmar Learning, _c©2013. |
||
| 300 |
_axi, 852 pages : _billustrations (some color), plans ; _c28 cm. |
||
| 500 | _a"Delmar Cengage Learning." | ||
| 500 | _aIncludes index. | ||
| 500 | _aEd. titles vary: 1st-7th eds. have title: Architecture drafting and design (1965-1998); 8th. ed. has title: Drafting and design for architecture (2006). | ||
| 505 | 0 | _apt. 1. Introduction to Architecture -- pt. 2. Architecture Drafting Fundamentals -- pt. 3. Basic Area Design -- pt. 4. Basic Architectural Drawings -- pt. 5. Presentation Methods -- pt. 6. Foundations and Construction Systems -- pt. 7. Framing Systems -- pt. 8. Electrical and Mechanical Design Drawings -- pt. 9. Drawing Management and Support Services. | |
| 650 | 0 | _aArchitectural design. | |
| 650 | 0 | _aArchitectural drawing. | |
| 700 | 1 | _aHepler, Donald E. | |
| 700 | 1 | _aWallach, Paul Ross. | |
| 700 | 1 |
_aHepler, Donald E. _tArchitecture drafting and design. |
|
| 700 | 1 |
_aHepler, Dana J. _tDrafting and design for architecture. |
|
| 740 | 0 | _aArchitecture drafting and design. | |
| 740 | 0 | _aDrafting and design for architecture. | |
| 856 | 4 | 2 |
_3Contributor biographical information _uhttps://www.loc.gov/catdir/enhancements/fy1701/2016417303-b.html |
| 856 | 4 | 2 |
_3Publisher description _uhttps://www.loc.gov/catdir/enhancements/fy1701/2016417303-d.html |
| 856 | 4 | 1 |
_3Table of contents only _uhttps://www.loc.gov/catdir/enhancements/fy1701/2016417303-t.html |
| 906 |
_a7 _bcbc _ccopycat _d2 _encip _f20 _gy-gencatlg |
||
| 942 | _2ddc | ||